Pays des 15 dernières Miss Univers par images - Statistiques

Statistiques générales
  • Ce quiz a été pris 91 fois
  • Le résultat moyen est 11 sur 15
Statistiques - réponses
Par images Hint Réponse % Correct
2016 France
95%
2024 Danemark
91%
2021 Inde
87%
2015 Philippines
85%
2019 Afrique du Sud
80%
2022 États-Unis
76%
2023 Nicaragua
76%
2017 Afrique du Sud
75%
2018 Philippines
72%
2020 Mexique
70%
2014 Colombie
63%
2013 Venezuela
63%
2012 États-Unis
62%
2011 Angola
58%
2010 Mexique
57%
Aucun quiz correspondant
Distribution des résultats
% des personnes avec chaque résultat
Percentile par nombre de réponses
Votre historique - résultats
Vous n’avez pas pris ce quiz